000 00659nam a22002057a 4500
003 OSt
008 250903b |||||||| |||| 00| 0 eng d
020 _a9789353594480
082 _a363.7396
_bG61P
100 _aGogoi, Bhabesh.
245 _aPollution in Soil, Water and Air : a textbook on the basis of the syllabus of the agricultural and environmental sciences in india /
_cby Bhabesh Gogoi
260 _a.- Ludhiana
_b: Kalyani Publishers
_c, 2019
300 _a239p.
650 _aSocial Sciences
650 _aSocial Problems and Services
650 _aSoil Pollution
650 _aWater Pollution
650 _aAir Pollution
942 _2ddc
_cBK
999 _c48875
_d48875